MLB General Knowledge Quiz #1 - Statistics

General Stats
  • This quiz has been taken 130 times
  • The average score is 12 of 20
Answer Stats
Hint Answer % Correct
What team broke the curse of the billy goat in 2016? Cubs
97%
Who is the all-time leader in home runs? Barry Bonds
95%
How many World Series have the Yankees won? 27
88%
What team plays at PNC Park? Pirates
83%
Who has thrown the most no-hitters all-time? Nolan Ryan
82%
Who made the iconic basket catch at the Polo Grounds? Willie Mays
79%
Who was known as ‘The Captain’? Derek Jeter
76%
Where did the Montreal Expos relocate to after the 2004 season? Washington D.C.
76%
What is the nickname for the Mets vs. the Yankees rivalry? Subway Series
75%
Who is the Yankees' owner? Hal Steinbrenner
72%
Joe DiMaggio holds the record for most consecutive games with a hit, but how long is the streak? 56
70%
Who is the last hitter to have a .400 average season? Ted Williams
66%
Who has the single-season hit record? Ichiro Suzuki
64%
Who is the all-time homerun leader for the Marlins? Giancarlo Stanton
58%
Which player famously had a ball bounce off his head for a home run? Jose Canseco
40%
Which pitcher threw a perfect game on Mother's Day in 2010? Dallas Braden
22%
What player had a four-homerun game for the Reds in 2017? Scooter Gennett
15%
Who won the 2002 AL MVP? Miguel Tejada
12%
What pitcher won a record 59 games in the 1884 season? Charles Radbourn
11%
Who was the 1st overall pick in 2020? Spencer Torkelson
9%
No matching quizzes found
Score Distribution
Percent of People with Each Score
Percentile by Number Answered
Your Score History
You have not taken this quiz